Normal view
MARC view
- Ammarah Tauheed
Entry Personal Name
001 - CONTROL NUMBER
- control field: 93266
003 - CONTROL NUMBER IDENTIFIER
- control field: NUST
005 - DATE AND TIME OF LATEST TRANSACTION
- control field: 20220706125807.0
008 - FIXED-LENGTH DATA ELEMENTS
- fixed length control field: 220706|| aca||aabn | a|a d
040 ## - CATALOGING SOURCE
- Original cataloging agency: NUST
- Transcribing agency: NUST
100 ## - HEADING--PERSONAL NAME
- Personal name: Ammarah Tauheed
670 ## - SOURCE DATA FOUND
- Source citation: Work cat.: (NUST)13293: Ammarah Tauheed, FYP-best personal adhoc network to get your queries solved-report, 2015
